Geografía por Imágenes- K - Estadísticas

Estadísticas generales
  • Esta prueba ha sido intentada 5.702 veces
  • La puntuación promedio es 9 de 18
Estadísticas de respuestas
Imagen Hint Respuesta % Correcto
encontrado en Australia... Koala
95%
país Kenia
94%
montaña Kilimanjaro
82%
estado de EE. UU. Kansas
75%
isla Komodo
72%
ciudad Kuala Lumpur
67%
país Kazajistán
56%
también conocido como la "montaña salvaje" K2
55%
ciudad Kyoto
53%
capital africana Kinsasa
38%
ciudad en Japón Kobe
37%
fortaleza Kremlin
32%
residencia real en Londres {Kensington} Palace
26%
ciudad Katmandú
25%
península Kola
25%
isla Kyushu
14%
estado más próspero en India Kerala
13%
asentamiento de Hong Kong ya no existente Ciudad amurallada de {Kowloon}
12%
No se encontraron pruebas coincidentes
Distribución de puntuación
Porcentaje de gente con cada puntuación
Porcentaje por número respondido
Historial de tus puntuaciones
No has intentado esta prueba.